Movies by Boring Description - Statistics

General Stats
  • This quiz has been taken 1,166 times
  • The average score is 6 of 15
Answer Stats
Hint Answer % Correct
Weekend detention. Breakfast Club
73%
There's an alien in the jungle. Nearly kills everyone. Predator
61%
A prince moves to New York. Works in fast food. Dates a lady. Coming to America
60%
Woman hides with nuns. Sister Act
58%
Man's terrible life helps him win a quiz show. Slumdog Millionaire
54%
A girl travels with three friends then wakes up at home. Wizard of Oz
54%
Wealthy family learns to sing. The Sound of Music
51%
Women do math by hand. Their answers are correct. Hidden Figures
38%
Agent and criminal trade places. It's gross. Face/Off
37%
Former college athlete surfs with robbers. Point Break
37%
Kids try to get rich by finding a boat. They do. Goonies
31%
Friends try to get their ball from the neighbor's yard. Then they just ask the neighbor to get it for them. Sandlot
31%
Guy goes back to grade school, befriends his 3rd grade class. Billy Madison
28%
Group looks for a cup and argues about birds. Monty Python and the Holy Grail
22%
A young writer hangs out with an old writer. (HINT: Sean Connery played the old writer!) Finding Forrester
8%
No matching quizzes found
Score Distribution
Percent of People with Each Score
Percentile by Number Answered
Your Score History
You have not taken this quiz